Loading...

Pandita Ramabai her life and Work

Bibliographic Details
Main Author: Sengupta, Padmini
Format: Printed Book
Language:English
Published: Bombay Asia Publishing House
Subjects:
LEADER 00506nam a22001577a 4500
005 20151215125430.0
008 091208t xxu||||| |||| 00| 0 eng d
082 |a 920  |b SEN 
100 |a Sengupta, Padmini  |9 1596 
245 |a Pandita Ramabai  |b  her life and Work 
300 |a XIV, 364p. 
653 |a Biography 
942 |c BK  |6 _ 
260 |a Bombay  |b Asia Publishing House 
999 |c 103920  |d 103920 
952 |0 0  |1 0  |2 ddc  |4 0  |6 920_SEN  |7 0  |9 131242  |a SMS  |b SMS  |c GEN  |d 2009-12-08  |o 920 SEN  |p SMS006745  |r 2009-12-08  |w 2009-12-08  |y BK